Statistics for Which Country is Bigger?

Click here to take the quiz!

General Stats

  • This quiz has been taken 73 times
  • The average score is 6 of 12

Answer Stats

QuestionAnswer% Correct
North Macedonia or Rwanda?Rwanda
72%
Eswatini or Kuwait?Kuwait
70%
Bolivia or Ethiopia?Ethiopia
63%
Cambodia or Syria?Syria
63%
Chile or Zambia?Chile
57%
Qatar or Vanuatu?Vanuatu
56%
Slovenia or El Salvador?El Salvador
52%
Montenegro or Bahamas?Bahamas
48%
Guatemala or Iceland?Guatemala
43%
Bulgaria or Liberia?Liberia
41%
Djibouti or Belize?Djibouti
39%
Singapore or F.E. Micronesia?Singapore
35%

Score Distribution

Percentile by Number Answered

Percent of People with Each Score

Your Score History

You have not taken this quiz